Obce okresu Brno-venkov - Statistics

General Stats
  • This quiz has been taken 79 times
  • The average score is 98 of 187
Answer Stats
Počet obyvatel Odpověď % Correct
754 Ivaň
100%
9 898 Ivančice
100%
5 755 Modřice
100%
11 860 Kuřim
96%
7 915 Šlapanice
96%
9 225 Tišnov
96%
4 136 Rajhrad
93%
6 784 Rosice
89%
6 126 Pohořelice
85%
2 495 Zastávka
85%
2 277 Blučina
78%
3 375 Újezd u Brna
78%
3 676 Židlochovice
78%
1 978 Čebín
74%
1 010 Česká
74%
3 554 Moravany
74%
676 Hradčany
70%
2 490 Sokolnice
70%
3 283 Střelice
70%
1 670 Telnice
70%
2 397 Troubsko
70%
3 512 Veverská Bítýška
70%
920 Vranov
70%
3 671 Zbýšov
70%
3 725 Bílovice nad Svitavou
67%
2 571 Dolní Kounice
67%
1 320 Dolní Loučky
67%
2 908 Mokrá-Horákov
67%
1 560 Ochoz u Brna
67%
4 873 Oslavany
67%
829 Ostrovačice
67%
998 Prace
67%
1 579 Rajhradice
67%
2 446 Vranovice
67%
3 512 Hrušovany u Brna
63%
2 915 Ořechov
63%
1 751 Ostopovice
63%
445 Ponětovice
63%
1 866 Popůvky
63%
1 370 Tvarožná
63%
1 664 Žabčice
63%
1 959 Želešice
63%
1 462 Babice nad Svitavou
59%
1 248 Blažovice
59%
1 144 | 399 Březina
59%
315 Hlína
59%
312 Horní Loučky
59%
1 120 Kanice
59%
2 016 Lelekovice
59%
994 Moravské Bránice
59%
1 277 Nedvědice
59%
373 Popovice
59%
2 413 Pozořice
59%
828 Řícmanice
59%
853 Silůvky
59%
260 Brumov
56%
773 Pasohlávky
56%
2 143 Říčany
56%
60 Řikonín
56%
1 299 Těšany
56%
777 Vysoké Popovice
56%
349 Borač
52%
693 Bratčice
52%
2 103 Drásov
52%
671 Kovalovice
52%
1 483 Lomnice
52%
1 028 Malhostovice
52%
1 897 Měnín
52%
843 Nová Ves
52%
398 Otmarov
52%
697 Pravlov
52%
789 Radostice
52%
1 092 Rebešovice
52%
1 078 Rozdrojovice
52%
145 Újezd u Tišnova
52%
999 Veverské Knínice
52%
1 372 Viničné Šumice
52%
1 190 Vojkovice
52%
645 Branišovice
48%
138 Černvír
48%
673 Cvrčovice
48%
861 Doubravník
48%
713 Hajany
48%
833 Hostěnice
48%
805 Jinačovice
48%
1 258 Kobylnice
48%
156 Kuřimská Nová Ves
48%
178 Kuřimské Jestřabí
48%
278 Lesní Hluboké
48%
616 Loděnice
48%
676 Lomnička
48%
1 158 Moutnice
48%
871 Nebovidy
48%
332 Nesvačilka
48%
250 Níhov
48%
967 Nové Bránice
48%
829 Omice
48%
1 172 Opatovice
48%
132 Osiky
48%
1 418 Podolí
48%
648 Příbram na Moravě
48%
167 Skalička
48%
493 Štěpánovice
48%
2 097 Syrovice
48%
713 Unkovice
48%
769 Velatice
48%
952 Vlasatice
48%
268 Všechovice
48%
957 Žatčany
48%
631 Železné
48%
798 Babice u Rosic
44%
205 Běleč
44%
1 132 Deblín
44%
112 Drahonín
44%
107 Hluboké Dvory
44%
354 Hvozdec
44%
982 Jiříkovice
44%
638 Ketkovice
44%
506 Kratochvilka
44%
1 153 Moravské Knínice
44%
114 Ochoz u Tišnova
44%
217 Odrovice
44%
355 Olší
44%
1 469 Předklášteří
44%
878 Přísnotice
44%
246 Rašov
44%
426 Říčky
44%
403 Rudka
44%
342 Šerkovice
44%
72 Skryje
44%
654 Sobotovice
44%
415 Stanoviště
44%
149 Strhaře
44%
461 Svatoslav
44%
118 Synalov
44%
1 124 Tetčice
44%
102 Tišnovská Nová Ves
44%
389 Trboušany
44%
749 Troskotovice
44%
275 Újezd u Rosic
44%
242 Unín
44%
1 285 Zbraslav
44%
185 Biskoupky
41%
210 Braníškov
41%
1 008 Chudčice
41%
452 Čučice
41%
709 Domašov
41%
239 Heroltice
41%
356 Javůrek
41%
311 Kaly
41%
277 Katov
41%
224 Křižínkov
41%
388 Kupařovice
41%
816 Lažánky
41%
262 Ledce
41%
131 Litostrov
41%
52 Lubné
41%
677 Lukovany
41%
902 Medlov
41%
493 Mělčany
41%
343 Němčičky
41%
1 379 Nosislav
41%
212 Pernštejnské Jestřabí
41%
1 098 Přibice
41%
563 Přibyslavice
41%
232 Rohozec
41%
1 101 Sivice
41%
311 Šumice
41%
89 Vratislávka
41%
67 Zálesná Zhoř
41%
75 Zhoř
41%
1 402 Holasice
37%
838 Malešovice
37%
522 Maršov
37%
74 Nelepeč-Žernůvka
37%
999 Neslovice
37%
389 Senorady
37%
671 Sentice
37%
125 Úsuší
37%
805 Zakřany
37%
377 Žďárec
33%
193 Vohančice
30%
110 Borovník
26%
97 Bukovice
22%
997 Prštice
22%
84 Rojetín
22%
No matching quizzes found
Score Distribution
Percent of People with Each Score
Percentile by Number Answered
Your Score History
You have not taken this quiz